| 000 | 00530cam a2200205ua 4500 | ||
|---|---|---|---|
| 001 | 1098 | ||
| 005 | 20260515113257.0 | ||
| 008 | 110428n ii |||gr||||Z||||||eng | ||
| 020 | _a81-7040-869-5 | ||
| 040 | _cMAIN | ||
| 082 | _a320.3 | ||
| 245 | 1 |
_aComparative politics & government. _cBy Hari hara Das. |
|
| 250 | _a1st. | ||
| 260 |
_aNew Delhi.: _bHimalaya.,994. |
||
| 300 |
_a476 p.: _c20 cm. |
||
| 653 | _aPolitical science. | ||
| 653 | _aComparative politics and government. | ||
| 700 | 1 | _aDas, Hari Hara., | |
| 942 | _cBK | ||
| 999 |
_c1014 _d1014 |
||